MARC details
| 000 -LEADER |
| fixed length control field |
00928cab a2200229 4500 |
| 001 - CONTROL NUMBER |
| control field |
WB3342-34 |
| 008 - FIXED-LENGTH DATA ELEMENTS--GENERAL INFORMATION |
| fixed length control field |
090401t1997 xxu||||| |||| 00| 0 eng d |
| 035 ## - SYSTEM CONTROL NUMBER |
| System control number |
(Sirsi) u81729 |
| 041 ## - LANGUAGE CODE |
| Language code of text/sound track or separate title |
eng |
| 245 ## - TITLE STATEMENT |
| Title |
Forfeiture |
| 260 ## - PUBLICATION, DISTRIBUTION, ETC. |
| Date of publication, distribution, etc. |
1997 |
| 350 ## - PRICE (NR) (BK AM CF MU VM SE) [OBSOLETE] |
| Price |
0 |
| 490 ## - SERIES STATEMENT |
| Series statement |
Estates Gazette Case Summaries |
| Volume/sequential designation |
(1997) EGCS 131 (25/10/1997) |
| 520 ## - SUMMARY, ETC. |
| Summary, etc. |
"Barclays Bank plc v Prudential Assurance Ltd" CLD 9 October 1997. Bank claim for relief from forfeiture of nightclub lease, due to bankruptcy. Whether two leases, nightclub lease and car park (additional land) should be included in a vesting order. Held both properties should be included in vesting order. |
| 650 ## - SUBJECT ADDED ENTRY--TOPICAL TERM |
| Topical term or geographic name entry element |
BARCLAYS BANK PLC V PRUDENTIAL ASSURANCE LTD |
| 650 ## - SUBJECT ADDED ENTRY--TOPICAL TERM |
| Topical term or geographic name entry element |
FORFEITURE |
| 650 ## - SUBJECT ADDED ENTRY--TOPICAL TERM |
| Topical term or geographic name entry element |
HINDCASTLE LTD V BARBARA ATTENBOROUGH ASSOCIATES LTD |
| 650 ## - SUBJECT ADDED ENTRY--TOPICAL TERM |
| Topical term or geographic name entry element |
VESTING ORDER |
| 690 ## - LOCAL SUBJECT ADDED ENTRY--TOPICAL TERM (OCLC, RLIN) |
| Topical term or geographic name as entry element |
LANDLORD AND TENANT-CASE LAW |
| 942 ## - ADDED ENTRY ELEMENTS (KOHA) |
| Suppress in OPAC |
0 |
| 948 ## - LOCAL PROCESSING INFORMATION (OCLC); SERIES PART DESIGNATOR (RLIN) |
| c (OCLC) |
28/10/1997 |